40 Logos Quiz - Statistics

General Stats
  • This quiz has been taken 17 times
  • The average score is 36 of 40
Answer Stats
Picture Answer % Correct
Burger King
100%
Facebook
100%
Google
100%
Gucci
100%
Instagram
100%
KFC
100%
Lego
100%
McDonald’s
100%
Microsoft
100%
Puma
100%
SnapChat
100%
Starbucks
100%
Toyota
100%
Twitter
100%
Twitter
100%
WalMart
100%
YouTube
100%
Beats
94%
BP
94%
Chevrolet
94%
Coca-Cola
94%
Firefox
94%
Ford
94%
Pepsi
94%
Pizza Hut
94%
Playboy
94%
Shell
94%
Spotify
94%
Taco Bell
94%
X-Box
94%
The North Face
82%
AT&T
76%
Candy Crush
76%
SoundCloud
76%
Nestlé
71%
Yamaha
71%
Skoda
59%
Sunkist
59%
Formula One
41%
NASCAR
41%
No matching quizzes found
Score Distribution
Percent of People with Each Score
Percentile by Number Answered
Your Score History
You have not taken this quiz